000
00343nam a2200145Ia 4500
008
150201s2011 xx 000 0 und d
082
_a
610
_b
C11C
100
_a
CHUGH, SN.
245
_a
CLINICAL METHODS IN MEDICINE
250
_a
1ST
260
_b
JAYPEE
_a
DELHI
_c
2011
300
_a
1-454
650
_a
GENERAL MEDICINE
942
_2
ddc
_c
BK
_0
18
999
_c
1665
_d
1665